| 000 | 00885cam a2200277 a 4500 | ||
|---|---|---|---|
| 999 |
_c4185 _d4185 |
||
| 001 | 649452 | ||
| 003 | CaAEU | ||
| 005 | 20220318101911.0 | ||
| 008 | 891106s1988 enk 0 eng c | ||
| 020 | _a0333474597 | ||
| 035 | _aocm18052092 | ||
| 040 |
_beng _cALUPE UNIVERSITY |
||
| 050 |
_aHN 49 _b.C6 1988 |
||
| 090 | 0 | _aHN 49 C6 G4594 1988 | |
| 100 | 1 | _aGiggey, Shirley. | |
| 245 | 1 | 0 |
_aRural community resource centres : _ba guide for developing countries / _cShirley Giggey. |
| 260 |
_aBasingstoke : _bMacmillan, _c1988. |
||
| 300 |
_ax, 117 p. : _bill. ; _c22 cm. |
||
| 336 |
_atext _btxt _2rdacontent |
||
| 337 |
_aunmediated _bn _2rdamedia |
||
| 338 |
_avolume _bnc _2rdacarrier |
||
| 650 | 0 |
_aRural development _xSociological aspects _zDeveloping countries. |
|
| 650 | 0 |
_aCommunity and school _zDeveloping countries. |
|
| 651 | 0 | _aDeveloping countries. | |
| 942 |
_2lcc _cBK _nDO |
||